000 00469nam a22001937a 4500
003 LK-CoMWRAF
005 20231120225758.0
008 231120b |||||||| |||| 00| 0 eng d
020 _a9559751301
040 _aLK-CoMWRAF
_dLK-CoMWRAF
_eLK-CoMWRAF
041 _aeng
082 _a823
_bRAM
100 _aRambukwella, Rotando
245 _aSlippage
260 _aKandy :
_bAuspicious feet,
_c2001
300 _a50p. : 21cm.
650 _aShort stories
942 _cBK
999 _c4185
_d4185